<?xml version="1.0" encoding="UTF-8"?>
<record
    xmlns:xsi="http://www.w3.org/2001/XMLSchema-instance"
    xsi:schemaLocation="http://www.loc.gov/MARC21/slim http://www.loc.gov/standards/marcxml/schema/MARC21slim.xsd"
    xmlns="http://www.loc.gov/MARC21/slim">

  <leader>01752    a2200205   4500</leader>
  <controlfield tag="001">27171</controlfield>
  <controlfield tag="005">20260407155548.0</controlfield>
  <controlfield tag="008">260407a1976    arg                 spa d</controlfield>
  <controlfield tag="003">AR-UNSa-BCEJYS</controlfield>
  <datafield tag="040" ind1=" " ind2=" ">
    <subfield code="a">AR-UNSa-BCEJYS</subfield>
    <subfield code="b">spa</subfield>
    <subfield code="c">AR-UNSa-BCEJYS</subfield>
  </datafield>
  <datafield tag="080" ind1=" " ind2=" ">
    <subfield code="a">347.736</subfield>
    <subfield code="x">Quiebra. Insolvencia. Suspensi&#xF3;n de pagos. Bancarrota, procedimientos. Derecho Concursal</subfield>
  </datafield>
  <datafield tag="245" ind1="1" ind2="0">
    <subfield code="a">El sindico en el concurso preventivo</subfield>
  </datafield>
  <datafield tag="264" ind1=" " ind2="1">
    <subfield code="a">La Plata :</subfield>
    <subfield code="b">LEP (Librer&#xED;a Editora Platense)</subfield>
    <subfield code="c">1976</subfield>
  </datafield>
  <datafield tag="300" ind1=" " ind2=" ">
    <subfield code="a">458 p.</subfield>
    <subfield code="c">23 cm.</subfield>
  </datafield>
  <datafield tag="505" ind1=" " ind2=" ">
    <subfield code="a">Parte I: Principios generales sobre concursos: 1. El concurso en su evoluci&#xF3;n hist&#xF3;rica - 2. El concurso en sus diversos aspectos - 3. Esquema del r&#xE9;gimen concursal establecido por el decreto ley 19.551 - Parte II: Principios generales sobre sindicatura: 1. Antecedentes hist&#xF3;ricos - 2. Naturaleza jur&#xED;dica - 3. Legislaci&#xF3;n extranjera - 4. Esquema de su regimen en la legislaci&#xF3;n nacional - Parte III: El sindico en el concurso preventivo: 1. Comienzo de su intervenci&#xF3;n - 2. Funci&#xF3;n de vigilancia y control e la administraci&#xF3;n del patrimonio del deudor - 3. Funci&#xF3;n de colaboraci&#xF3;n con el juez en el andamiento y fines del proceso - 4. Funci&#xF3;n de colabroraci&#xF3;n con el juez para mantener la integridad del patrimonio del deudor - 5. Funci&#xF3;n complementaria sobre publicidad de la apertura del proceso - 6. Funci&#xF3;n del proceso de verificaci&#xF3;n de creditos - 7. Funci&#xF3;n del sindico durante la celebraci&#xF3;n de la junta de acreedores - 8.Funci&#xF3;n del sindico en la impugnaci&#xF3;n, homologaci&#xF3;n,  cumplimiento y nulidad del acuerdo - 9. Funci&#xF3;n del sindico en la cesi&#xF3;n de bienes.</subfield>
  </datafield>
  <datafield tag="942" ind1=" " ind2=" ">
    <subfield code="c">BK</subfield>
  </datafield>
  <datafield tag="590" ind1=" " ind2=" ">
    <subfield code="a">niveau_biblio:m niveau_hierar:0</subfield>
  </datafield>
  <datafield tag="100" ind1="1" ind2=" ">
    <subfield code="a">Argeri, Sa&#xFA;l A.</subfield>
  </datafield>
  <datafield tag="700" ind1="1" ind2=" ">
    <subfield code="a">Argeri Graziani, Raquel C.E.</subfield>
  </datafield>
  <datafield tag="999" ind1=" " ind2=" ">
    <subfield code="c">1553</subfield>
    <subfield code="d">1553</subfield>
  </datafield>
  <datafield tag="952" ind1=" " ind2=" ">
    <subfield code="0">0</subfield>
    <subfield code="1">0</subfield>
    <subfield code="4">0</subfield>
    <subfield code="7">0</subfield>
    <subfield code="a">BCEJYS</subfield>
    <subfield code="b">BCEJYS</subfield>
    <subfield code="c">16</subfield>
    <subfield code="d">2026-04-07</subfield>
    <subfield code="l">0</subfield>
    <subfield code="o">347.736 A686s v.25</subfield>
    <subfield code="p">L28803</subfield>
    <subfield code="r">2026-04-07 15:55:48</subfield>
    <subfield code="w">2026-04-07</subfield>
    <subfield code="y">L</subfield>
  </datafield>
</record>
